000
00338nam a2200133Ia 4500
008
220214s9999 xx 000 0 und d
022
_a
0038-0792
245
0
_a
Soils and Fertilizers
260
_b
CAB, England
_a
UK
310
_a
M
500
_a
Ending Volume & Year: 53, 1990
500
_a
Starting Volume & Year: 28, 1965
942
_c
BJ
999
_c
11870
_d
11870